000
00287nam a22001337a 4500
008
180922b xxu||||| |||| 00| 0 eng d
020
_a
9780737304237
041
_a
eng
080
_a
616.8-006
100
_a
6
101
_a
KAN
245
_a
Cancer Pain
_c
Cicala, R.S
942
_2
udc
_c
BK
999
_c
48290
_d
48290